Statistics for Types of trees

Click here to take the quiz!

General Stats

  • This quiz has been taken 201 times
  • The average score is 6 of 10

Answer Stats

HintAnswer% Correct
It makes acornsOak tree
95%
Best known for its syrup (not fact)Maple tree
92%
It makes a popular fruit some are red or green or yellowApple tree
83%
This one makes a fruit their color is their nameOrange tree
82%
It makes pineapplesPalm tree
81%
It makes a fruit monkeys like themBanana tree
73%
What do you call a tree that doesn't lose its leaves in the winterEver green
64%
They look droopyWeeping willow
38%
It makes a kind of large seedCoconut tree (don't worry if you didn't get this)
33%
This one is a kind of stinky bug eating plantPitcher plant
6%

Score Distribution

Percentile by Number Answered

Percent of People with Each Score

Your Score History

You have not taken this quiz